000
00224nam a22001097a 4500
082
_a
621.38195855WOO
100
_a
Woollons
245
_a
Micro Electronic Systems
260
_a
London
_c
1986
300
_a
274
942
_c
BK
999
_c
14692
_d
14692